000 00666 a2200205 4500
003 Nust
005 20221208113933.0
020 _a0471807656
040 _cNust
082 _a621.382,MAT
245 _aMathematical Topics in Telecommunications :
_bVol.1 Optimisation Methods in Electronics and Communications /
_cEdited By K W Cattermole
250 _aVolume. 1
260 _aNew York
_bWiley
_c1984.
300 _a156:p
490 _v1 :
505 _aCalculus of Variations (Page-1), Computational Methods for Nonlinear Optimization (Page-82),
538 _aAlmirah No.36 Shelf No.6
650 _aTelecommunications engineering.
_958485
942 _2ddc
_cBK
999 _c188549
_d188549